Culture Générale - Série 2662 - Statistiques

Statistiques générales
  • Ce quiz a été pris 151 fois
  • Le résultat moyen est 5 sur 10
Statistiques - réponses
Question Réponse % Correct
Comment se prénomme l'épouse de l'ex- président des Etats Unis Barack Obama ? Michelle
90%
Complétez l'expression : "Mettre du beurre dans les... épinards
85%
Quel pays d'Afrique est considéré comme étant "le berceau de l'humanité" (découverte de Lucy en 1974) ? Ethiopie
74%
Dans la série culte Dallas des années 80, complétez les paroles du générique " Dallas ton univers ... impitoyable
63%
Quel pays compte environ 500 volcans dont 126 actifs ? Indonésie
62%
De quel pays Paramaribo est-elle la capitale ? Suriname
57%
Dans quel pays le footballeur Just Fontaine (1933-2023) est-il né ? Maroc
40%
Quel est le prénom du Marechal des Logis Cruchot de la série cinématographique du Gendarme de Saint-Tropez ? voir photo Ludovic
31%
Dans quel pays a été érigé le monastère de Taktshang ? Bhoutan
26%
La France possède la plus haute commune d’Europe à une altitude de 2 040 m . Elle est située dans les Hautes-Alpes. Quel est son nom ? Saint-Véran
12%
Aucun quiz correspondant
Distribution des résultats
% des personnes avec chaque résultat
Percentile par nombre de réponses
Votre historique - résultats
Vous n’avez pas pris ce quiz